相互接壤的人口密度差距最大的县级行政区 - Statistics

General Stats
  • This quiz has been taken 7 times
  • The average score is 49 of 77
Answer Stats
省级行政区 地级行政区 县级行政区 % Correct
新疆维吾尔自治区 乌鲁木齐市 乌鲁木齐县
100%
内蒙古自治区 呼和浩特市 新城区
86%
内蒙古自治区 呼和浩特市 回民区
86%
黑龙江省 鹤岗市 向阳区
86%
四川省 攀枝花市 东区
86%
陕西省 西安市 长安区
86%
新疆维吾尔自治区 乌鲁木齐市 天山区
86%
新疆维吾尔自治区 乌鲁木齐市 沙依巴克区
86%
新疆维吾尔自治区 乌鲁木齐市 新市区
86%
新疆维吾尔自治区 乌鲁木齐市 水磨沟区
86%
新疆维吾尔自治区 乌鲁木齐市 达坂城区
86%
新疆维吾尔自治区 昌吉回族自治州 昌吉市
86%
新疆维吾尔自治区 喀什地区 喀什市
86%
新疆维吾尔自治区 (直辖) 石河子市
86%
河北省 张家口市 桥西区
71%
山西省 太原市 迎泽区
71%
山西省 太原市 杏花岭区
71%
山西省 太原市 尖草坪区
71%
山西省 大同市 平城区
71%
山西省 长治市 潞州区
71%
内蒙古自治区 呼和浩特市 武川县
71%
内蒙古自治区 包头市 石拐区
71%
内蒙古自治区 乌海市 海勃湾区
71%
内蒙古自治区 阿拉善盟 阿拉善左旗
71%
辽宁省 抚顺市 抚顺县
71%
黑龙江省 鸡西市 鸡东县
71%
黑龙江省 鹤岗市 南山区
71%
黑龙江省 牡丹江市 西安区
71%
西藏自治区 拉萨市 城关区
71%
甘肃省 兰州市 城关区
71%
甘肃省 兰州市 安宁区
71%
甘肃省 兰州市 永登县
71%
甘肃省 兰州市 皋兰县
71%
宁夏回族自治区 银川市 兴庆区
71%
新疆维吾尔自治区 乌鲁木齐市 头屯河区
71%
新疆维吾尔自治区 和田地区 和田市
71%
新疆维吾尔自治区 和田地区 和田县
71%
河北省 张家口市 崇礼区
57%
山西省 太原市 万柏林区
57%
山西省 太原市 阳曲县
57%
山西省 长治市 平顺县
57%
内蒙古自治区 包头市 东河区
57%
内蒙古自治区 包头市 昆都仑区
57%
内蒙古自治区 包头市 青山区
57%
内蒙古自治区 巴彦淖尔市 乌拉特前旗
57%
辽宁省 抚顺市 新抚区
57%
黑龙江省 齐齐哈尔市 昂昂溪区
57%
黑龙江省 齐齐哈尔市 梅里斯达斡尔族区
57%
黑龙江省 鸡西市 鸡冠区
57%
黑龙江省 鹤岗市 工农区
57%
黑龙江省 鹤岗市 东山区
57%
黑龙江省 牡丹江市 海林市
57%
四川省 攀枝花市 盐边县
57%
西藏自治区 山南市 贡嘎县
57%
陕西省 汉中市 汉台区
57%
新疆维吾尔自治区 昌吉回族自治州 玛纳斯县
57%
新疆维吾尔自治区 克孜勒苏柯尔克孜自治州 阿图什市
57%
新疆维吾尔自治区 塔城地区 沙湾市
57%
山西省 大同市 新荣区
43%
山西省 晋中市 寿阳县
43%
内蒙古自治区 包头市 固阳县
43%
内蒙古自治区 鄂尔多斯市 鄂托克前旗
43%
内蒙古自治区 乌兰察布市 卓资县
43%
辽宁省 抚顺市 望花区
43%
黑龙江省 齐齐哈尔市 龙沙区
43%
黑龙江省 双鸭山市 尖山区
43%
黑龙江省 双鸭山市 岭东区
43%
黑龙江省 七台河市 新兴区
43%
黑龙江省 七台河市 桃山区
43%
黑龙江省 七台河市 茄子河区
43%
黑龙江省 七台河市 勃利县
43%
西藏自治区 拉萨市 达孜区
43%
西藏自治区 拉萨市 林周县
43%
西藏自治区 山南市 扎囊县
43%
陕西省 汉中市 留坝县
43%
陕西省 安康市 宁陕县
43%
新疆维吾尔自治区 和田地区 洛浦县
43%
No matching quizzes found
Score Distribution
Percent of People with Each Score
Percentile by Number Answered
Your Score History
You have not taken this quiz